000 01210cam a2200313 i 4500
003 SA-RiAUC
005 20250913050050.0
008 250912s2000 le g 000 0 ara c
020 _a2745128434
020 _a978245128430
040 _aJO-AmJU
_bara
_cSA-RiAUC
_erda
082 0 4 _a251.22
_qSA-RiAUC
090 _a251.22
_bص د ف
100 1 _aالصدفي، أحمد بن مغيث بن أحمد،
_d406-459 هجري
_eمؤلف.
245 1 2 _aالمقنع في علم الشروط /
_cأحمد بن مغيث الطليطلي ؛ وضع حواشيه ضحى الخطيب.
246 3 0 _aعلم الشروط
250 _aالطبعة الأولى.
264 1 _aبيروت :
_bدار الكتب العلمية،
_c2000.
300 _a248 صفحة ؛
_c24 سم
336 _aنص
_btxt
_2rdacontent
_3كتاب
337 _aبدون وسيط
_bn
_2rdamedia
338 _aمجلد
_bnc
_2rdacarrier
504 _aيشتمل على إرجاعات ببليوجرافية.
650 7 _aالحكم (أصول فقه)
_2aucsh
650 7 _aأصول الفقه الإسلامي
_2aucsh
700 1 _aالخطيب، ضحى
_eمعلق.
942 _2ddc
_cBOOK
_n0
949 _aSA-JeALM
_d250912
_umohamedma123
_n1
999 _c11652
_d11652